Normal view
MARC view
- Strong, Dr. A. Brent
Entry Personal Name
001 - CONTROL NUMBER
- control field: 113964
003 - CONTROL NUMBER IDENTIFIER
- control field: NUST
005 - DATE AND TIME OF LATEST TRANSACTION
- control field: 20230804124322.0
008 - FIXED-LENGTH DATA ELEMENTS
- fixed length control field: 230804|| aca||aabn | a|a d
040 ## - CATALOGING SOURCE
- Original cataloging agency: NUST
- Transcribing agency: NUST
100 ## - HEADING--PERSONAL NAME
- Personal name: Strong, Dr. A. Brent
670 ## - SOURCE DATA FOUND
- Source citation: Work cat.: (NUST): Strong, Dr. A. Brent, Fundamentals of Composites Manufacturing:, 1989.
